| 000 | 00425nam a22001697a 4500 | ||
|---|---|---|---|
| 005 | 20160429100043.0 | ||
| 008 | 160429b xxu||||| |||| 00| 0 eng d | ||
| 020 | _a81-25-1180-4 | ||
| 041 | _aeng | ||
| 082 | _b00745 | ||
| 100 |
_aJha, Binit Kumar _9204 |
||
| 245 | _aCNG Programming Made Easy | ||
| 260 |
_aNew Delhi _bVikas Publishing House, _c2004 |
||
| 300 | _a224 | ||
| 650 |
_aInformation Technology _9137 |
||
| 942 | _cBK | ||
| 999 |
_c225 _d225 |
||